000 00910nam a2200325 a 4500
003 AR-BaBNM
005 20251128203324.0
008 082120s2002 ||||||||||||||000 | spa||
040 _cAR-BaBNM
100 1 _aCarrel, Alexis
245 0 0 _aLa incógnita del hombre
260 _aBuenos Aires
_bJoaquín Gil
_c1953
300 _axxx, 509 p.
500 _aContiene índice analítico y referencias bibliográficas en p. 421
500 _aGlosario en p. 429
500 _aReferencias biográficas del autor en p. ix
650 4 _aHUMANISMO
650 4 _aETICA
650 4 _aBIOLOGIA
650 4 _aMEDICINA
650 4 _aESTETICA
650 4 _aFISIOLOGIA
653 _aANTROPOLOGIA FILOSOFICA
653 _aFILOSOFIA MORAL
653 _aCONOCIMIENTO CIENTIFICO
700 1 _aRuiz Ferry, María
_etraductor
700 1 _aGil Guiñón, Joaquín
_ecompilador
942 _cBK
998 _cMARTIN
999 _c2893
_d2893